000
00321nam a22001457a 4500
008
231102b ||||| |||| 00| 0 eng d
020
_a
9780137470563
041
_a
eng
080
_a
521
082
_a
521DUF
100
_a
19
101
_a
ASTRO
245
_a
QUANTRUM STATES PROCESSES
_c
DUFFEY .H.G
942
_2
udc
_c
BK
999
_c
60486
_d
60486